000 00922nam2a2200253 4500
001 RU\NLR\BIBL_A\022712945
005 20260220131030.0
010 _a978-5-04-226208-1
_94000
021 _aRU
_bКН-П-25-076467
_9КН-П-25-7406
035 _a(NLR Aleph) 022712945
090 _a13542541
_c13542541
100 _a20260130d2025 u y0rusy50 ca
101 0 _arus
102 _aRU
105 _aa z 000ay
200 0 _aКн. 1
210 _d2025 (макет 2026)
215 _a314, [3] с.
_cил.
333 _a18+
461 0 _1001RU\NLR\BIBL_A\022712943
_12001#$aХрупкое равновесие$fАна Шерри$vКн. 1
_1700#1$aШерри$bА.$f1981-$gАна$3RU\NLR\AUTH\770226216
_913552894
_aШерри, А. (1981-)
_cМосква
_d2025-
_fАна Шерри
_nЭксмо
_tХрупкое равновесие
_vКн. 1
942 _cBOOK
980 _aNB